000 00610nam a2200193 i 4500
001 141009
003 ES-MaACL
005 20230906200213.0
007 t|
008 070919s1955 sp ||||1| spa d
080 _a622(02)
100 1 _aYoung, George J.
_9117689
245 1 0 _aElementos de minería /
_cGeorge J. Young ; traducción de la cuarta edición inglesa por José Castells.
260 _aBarcelona :
_bGustavo Gili,
_c1955 (
_fImp. Elzeviriana)
300 _a832 p. :
_bil. ;
_c25 cm.
650 1 4 _aMinería.
_915054
700 1 _aCastells, José.
_936588
852 _aES-MaACL
_jD-116
_bR.37380
999 _c141009
_d141009